Sarawak : thrills and treasures of historical landmarks
| Main Author: | |
|---|---|
| Format: | Book |
| Published: |
Selangor :
Marshall Cavendish ,
2008
|
| Subjects: |
MARC
| LEADER | 00000cam a2200000 7i4500 | ||
|---|---|---|---|
| 001 | 0000016013 | ||
| 005 | 20080423.0 | ||
| 008 | 080418 | ||
| 020 | |a 9833346448 | ||
| 090 | 0 | 0 | |a 959.522 |b MUN |
| 100 | 0 | |a Munan, Heidi | |
| 245 | 1 | 0 | |a Sarawak : |b thrills and treasures of historical landmarks |c Heidi Munan |
| 260 | |a Selangor : |b Marshall Cavendish , |c 2008 | ||
| 650 | 0 | |a Historic sites |x Sarawak | |
| 650 | 0 | |a Sarawak |x Description and travel | |
| 999 | |a 0001018752 |b Book |c Adult Collection |e Perbadanan Perpustakaan Awam Johor | ||